00808nam a2200229 i 450000100060000000300080000600500170001400800390003103500190007004000320008904100080012108200200012910000290014924500760017826000470025430000210030150001650032250400320048750400200051965000190053965000200055828979BD-RjUL20211209051345.0140401s1974 ii b 001 0 eng a(BD-RjUL)29063 aDLCcDLCdDLCdBD-RjULbeng aeng00a142.7bSIP 19741 aSinha, Debabrata,d1929-10aPhenomenology and existentialism :ban introduction /cDebabrata Sinha. aCalcutta :bProgressive Publishers,c1974. a160 p. ;c22 cm. a"This publication owes its origin to ... eight lectures delivered for the 'October School in Philosophy' under the auspices of the University of Bombay (1967)." aBibliography: p. [156]-158. aIncludes index. 0aPhenomenology. 0aExistentialism.